| 000 | 00860dam1a22002651 4500 | ||
|---|---|---|---|
| 001 | RU\NLR\INFOCOMM4\ROSSICA\1000407675 | ||
| 005 | 20241101034557.0 | ||
| 035 | _a(NLR Aleph) 009938424 | ||
| 090 |
_a10753145 _c10753145 |
||
| 100 | _a20030528d1811 |||y0rusy50 ba | ||
| 101 | 0 | _afre | |
| 102 | _aRU | ||
| 105 | _ay ||||000ay | ||
| 200 | 1 |
_aFlore des environs de St.Pétersbourg et de Moscou _fJos. Liboschitz et Ch. Trinius |
|
| 210 |
_aSt.Pétersbourg _d1811 |
||
| 215 | _d4° | ||
| 700 | 1 |
_4070 _7ba _8rus _aLibošic _bO. J. _f1783-1824 _gOsip Jakovlevič _9228854 _3RU\NLR\AUTH\770228910 |
|
| 701 | 1 |
_4070 _7ba _8rus _aTrinius _bK. A. _f1778-1844 _gKarl Antonovič _9228853 _3RU\NLR\AUTH\770228909 |
|
| 801 | 1 |
_aRU _bInfoComm _c20030528 |
|
| 801 | 0 |
_aRU _bNLR _gPSBO |
|
| 852 |
_aNLR _j13.2.4.34 |
||
| 942 | _cBOOK | ||
| 980 | _aRossica | ||